MARC details
| 000 -LEADER |
| fixed length control field |
01291nam a2200301 a 4500 |
| 008 - FIXED-LENGTH DATA ELEMENTS--GENERAL INFORMATION |
| fixed length control field |
121001s2007 ||||||||||||||||| || u |
| 010 ## - LIBRARY OF CONGRESS CONTROL NUMBER |
| LC control number |
2006046750 |
| 020 ## - INTERNATIONAL STANDARD BOOK NUMBER |
| International Standard Book Number |
9780821367513 (pbk.) |
| 020 ## - INTERNATIONAL STANDARD BOOK NUMBER |
| International Standard Book Number |
082136751X (pbk.) |
| 020 ## - INTERNATIONAL STANDARD BOOK NUMBER |
| International Standard Book Number |
0821367528 (ebook) |
| 020 ## - INTERNATIONAL STANDARD BOOK NUMBER |
| International Standard Book Number |
9780821367520 (ebook) |
| 050 ## - LIBRARY OF CONGRESS CALL NUMBER |
| Classification number |
LC 1085 How |
| 100 ## - MAIN ENTRY--PERSONAL NAME |
| Personal name |
Yusuf, Shahid |
| 245 10 - TITLE STATEMENT |
| Title |
How universities can promote economic growth |
| Statement of responsibility, etc. |
edited by Shahid Yusuf and Kaoru Nabeshima. |
| 260 ## - PUBLICATION, DISTRIBUTION, ETC. |
| Place of publication, distribution, etc. |
Washington, D.C.: |
| Name of publisher, distributor, etc. |
World Bank |
| Date of publication, distribution, etc. |
2007 |
| 300 ## - PHYSICAL DESCRIPTION |
| Extent |
xxiv, 286 pages : illustrations |
| 490 ## - |
| -- |
Directions in development |
| 500 ## - GENERAL NOTE |
| General note |
Donated by Counsellor Kang'ombe Bibliographical references and index. |
| 650 #0 - SUBJECT ADDED ENTRY--TOPICAL TERM |
| Topical term or geographic name entry element |
ECONOMIC DEVELOPMENT--EFFECT OF EDUCATION ON--CONGRESSES |
| 650 #0 - SUBJECT ADDED ENTRY--TOPICAL TERM |
| Topical term or geographic name entry element |
EDUCATION AND STATE--CONGRESSES |
| 650 ## - SUBJECT ADDED ENTRY--TOPICAL TERM |
| Topical term or geographic name entry element |
TECHNOLOGY TRANSFER--CONGRESSES |
| 650 #0 - SUBJECT ADDED ENTRY--TOPICAL TERM |
| Topical term or geographic name entry element |
BUSINESS AND EDUCATION--CONGRESSES |
| 700 ## - ADDED ENTRY--PERSONAL NAME |
| Personal name |
Nabeshima, Kaoru |
| 710 ## - ADDED ENTRY--CORPORATE NAME |
| Corporate name or jurisdiction name as entry element |
World Bank |
| 995 ## - |
| -- |
MAIN LIBRARY OPEN ACCESS |
| -- |
743301 |
| -- |
CBU-MAIN LIBRARY (Kitwe) |
| -- |
LC 1085 How |
| -- |
1 |
| -- |
AVAILABLE |
| -- |
Oct 1, 2012 |
| -- |
743301 |
| -- |
Main Library Open Access Collection |
| 995 ## - |
| -- |
ANNEX COLLECTION (Main Library) |
| -- |
743302 |
| -- |
CBU-MAIN LIBRARY (Kitwe) |
| -- |
LC 1085 How |
| -- |
2 |
| -- |
AVAILABLE |
| -- |
Oct 1, 2012 |
| -- |
743302 |
| -- |
Annex Low-Usage Collection |
| 999 ## - |
| -- |
76210 |
| -- |
76210 |